000 00583nam a2200193Ia 4500
003 LDD
008 181029s9999 xx 000 0 und d
020 _a1903153204
_cP 80.00
040 _cLDD
100 _aTyler, Elizabeth M.
245 0 _aOld english poetics
_bthe aesthetics of the familiar in anglo- saxon England
_cElizabeth M. Tyler
260 _aYork Medieval Press
_bYork
_c2006
300 _axvi, 194p.
365 _bP 80.00
901 _a10414
_b30-01-2013
902 _a1181
_b05-02-2013
_cF
_dBBS
_e42
903 _aDiscount-50
_bReqst by : M.R. Kindo
942 _2ddc
_cBK
999 _c108045
_d108045